Statistics for Rich the Kid Discography

Click here to take the quiz!

General Stats

  • This quiz has been taken 2 times
  • The average score is 9 of 18

Answer Stats

YearNameType% Correct
2016Keep FlexinMixtape
100%
2015Dabbin FeverMixtape
50%
2014Feels Good 2 Be RichMixtape
50%
2015Flexin On PurposeMixtape
50%
2017Rich Forever 3Mixtape
50%
2016Rich Forever MusicMixtape (Collab)
50%
2014Rich Than FamousMixtape
50%
2014Solid FoundationMixtape (Collab)
50%
2015Still On LockMixtape (Collab)
50%
2013Streets On LockMixtape (Collab)
50%
2013Streets On Lock 2Mixtape (Collab)
50%
2014Streets On Lock 3Mixtape (Collab)
50%
2015Streets On Lock 4Mixtape (Collab)
50%
2017The Rich Forever WayMixtape (Collab)
50%
2016Trap TalkMixtape
50%
2015Whip ItMixtape (Collab)
50%
2013Been About the BejaminsMixtape
0%
2016Rich Forever 2Mixtape (Collab)
0%

Score Distribution

Percentile by Number Answered

Percent of People with Each Score

Your Score History

You have not taken this quiz